000 01031cam a2200229 4500
001 WB3709-24
008 000000n2001 000 0 eng u
035 _a(Sirsi) u111229
245 _aBuilders' Quality Mark to be launched
260 _c2001
490 _aConstruction News
_v(6705) 1 March 2001, 5(1)
490 _aDETR News Release
_v(106) 28 February 2001, (2)
520 _aThe government Quality Mark scheme for builders, aimed at cutting out cowboys, is to be launched to the public on 22 May 2001. Officials hope that 275 firms will achieve Quality Market status in the pilot areas in Birmingham and Somerset before the launch date, although concerns have been expressed that, even if this number is achieved, it will be insufficient to satisfy the expected number of enquiries from the public.
590 _aWB
650 _aBUILDERS
650 _aCONSTRUCTION FIRMS
650 _aCONSTRUCTION INDUSTRY
650 _aCOWBOY BUILDERS
650 _aQUALITY MARK
690 _aQUALITY ASSURANCE
942 _n0
999 _c66273
_d66273